[Event "Montevideo zt 2.5"]
[Site "Montevideo"]
[Date "2019.04.14"]
[Round "3"]
[White "Viera, Emilio"]
[Black "Real de Azua, Ernesto"]
[Result "1-0"]
[WhiteElo "2138"]
[BlackElo "2474"]
[PlyCount "79"]
[EventDate "2019.04.13"]
[EventType "swiss"]
[EventRounds "9"]
[EventCountry "URU"]
[SourceTitle "CBM 189 Extra"]
[Source "ChessBase"]
[SourceDate "2019.06.03"]
[SourceVersion "1"]
[SourceVersionDate "2019.06.03"]
[SourceQuality "1"]

1. c4 g6 2. Nc3 Bg7 3. g3 d6 4. Bg2 e5 5. Nf3 Nc6 6. d3 f5 7. 0-0 Nf6 8. Bg5 h6 9. Bxf6 Qxf6 10. Nd5 Qf7 11. Rb1 Nd8 12. Qa4+ c6 13. Nb6 axb6 14. Qxa8 Qc7 15. b4 0-0 16. a4 Ne6 17. a5 bxa5 18. Qxa5 Qe7 19. b5 c5 20. Qb6 g5 21. Kh1 h5 22. e3 Bf6 23. Nd2 h4 24. gxh4 g4 25. f3 gxf3 26. Rxf3 Bxh4 27. Rg1 Ng5 28. Rff1 Kh8 29. Nf3 Nxf3 30. Bxf3 e4 31. dxe4 f4 32. Rg6 fxe3 33. Qxd6 Qxd6 34. Rxd6 Kh7 35. Rd5 Bf2 36. Be2 b6 37. Rfd1 Be6 38. Rd6 Rf6 39. Rxb6 Rg6 40. Rbd6 1-0

[Event "URU-chTA"]
[Site "Uruguay"]
[Date "2017.07.09"]
[Round "5.1"]
[White "Larrea, Manuel"]
[Black "Viera, Emilio"]
[Result "1-0"]
[WhiteElo "2281"]
[BlackElo "2153"]
[PlyCount "117"]
[EventDate "2017.07.07"]
[EventType "team-swiss"]
[EventRounds "5"]
[EventCountry "URU"]
[SourceTitle "EXT 2018"]
[Source "ChessBase"]
[SourceDate "2017.10.13"]
[SourceVersion "1"]
[SourceVersionDate "2017.10.13"]
[SourceQuality "1"]
[WhiteTeam "San Jose"]
[BlackTeam "Cosmopolita Union"]
[WhiteTeamCountry "URU"]
[BlackTeamCountry "URU"]

1. e4 e6 2. d4 d5 3. Nc3 Bb4 4. e5 c5 5. a3 Bxc3+ 6. bxc3 Qa5 7. Bd2 Qa4 8. Qg4 g6 9. Nf3 Nc6 10. Qf4 h6 11. dxc5 Qxf4 12. Bxf4 Nge7 13. h4 Bd7 14. Nd4 a6 15. Rb1 Rb8 16. Bd3 Kf8 17. g4 Kg7 18. Bg3 Na5 19. f4 Rbc8 20. Bf2 Rc7 21. Rg1 Kf8 22. h5 Nc4 23. Ra1 Rg8 24. hxg6 Nxg6 25. Bxc4 dxc4 26. Be3 Ne7 27. Rb1 Ke8 28. Ne2 Bc6 29. Kf2 Be4 30. Rb2 Kd7 31. Ng3 Bg6 32. Rd1+ Kc8 33. Rd6 Rh8 34. Rd1 Kb8 35. Bd4 Rcc8 36. Rdb1 Rc7 37. f5 Bh7 38. Ne4 Ka8 39. Nd6 Rb8 40. Nxc4 Nd5 41. Nd6 Ne7 42. f6 Nc6 43. Rh1 Bg6 44. Rxh6 Rg8 45. Ke3 Rd7 46. Rh2 Ka7 47. Rb1 Ka8 48. Rbh1 Rdd8 49. c4 Ka7 50. c3 Ka8 51. Rb2 Rd7 52. Rhh2 Ka7 53. Rb6 Rf8 54. Rhb2 Rb8 55. Kf4 Rc7 56. Ke3 Rd7 57. a4 Rc7 58. Nb5+ axb5 59. axb5 1-0

[Event "URU-chTA"]
[Site "Uruguay"]
[Date "2017.07.08"]
[Round "3.1"]
[White "Lanzilotta Mernies, Marcelo"]
[Black "Viera, Emilio"]
[Result "0-1"]
[WhiteElo "2020"]
[BlackElo "2153"]
[PlyCount "72"]
[EventDate "2017.07.07"]
[EventType "team-swiss"]
[EventRounds "5"]
[EventCountry "URU"]
[SourceTitle "EXT 2018"]
[Source "ChessBase"]
[SourceDate "2017.10.13"]
[SourceVersion "1"]
[SourceVersionDate "2017.10.13"]
[SourceQuality "1"]
[WhiteTeam "Trebejos II"]
[BlackTeam "Cosmopolita Union"]
[WhiteTeamCountry "URU"]
[BlackTeamCountry "URU"]

1. e4 e6 2. d3 d5 3. Nd2 c5 4. Ngf3 Nc6 5. g3 Bd6 6. Bg2 Nge7 7. 0-0 0-0 8. Re1 Qc7 9. Qe2 f6 10. c3 Bd7 11. h4 d4 12. Bh3 dxc3 13. bxc3 e5 14. Bxd7 Qxd7 15. Nc4 Rad8 16. Bb2 Bc7 17. Rad1 Qe6 18. a4 Rd7 19. Kh2 h6 20. h5 f5 21. Kg2 f4 22. Nh4 a6 23. Nd2 Nd8 24. Ndf3 Qg4 25. Nh2 f3+ 26. N2xf3 Ne6 27. Bc1 Qxh5 28. Rh1 Qf7 29. Be3 Rfd8 30. Nh2 Rf8 31. Ng4 h5 32. Nh2 g5 33. Nf5 Nxf5 34. exf5 Qxf5 35. Qxh5 Rh7 36. Qg4 Rxh2+ 0-1

[Event "Florianopolis op 2nd"]
[Site "Florianopolis"]
[Date "2016.01.21"]
[Round "9"]
[White "Viera, Emilio"]
[Black "Goncalves, Davi Sulzbacher"]
[Result "0-1"]
[WhiteElo "2180"]
[BlackElo "2035"]
[PlyCount "60"]
[EventDate "2016.01.16"]
[EventType "swiss"]
[EventRounds "10"]
[EventCountry "BRA"]
[SourceTitle "CBM 170 Extra"]
[Source "ChessBase"]
[SourceDate "2016.02.25"]
[SourceVersion "1"]
[SourceVersionDate "2016.02.25"]
[SourceQuality "1"]

1. c4 Nf6 2. g3 g6 3. Bg2 Bg7 4. Nc3 0-0 5. d4 d6 6. e3 c5 7. Nge2 cxd4 8. Nxd4 Nfd7 9. 0-0 Ne5 10. b3 Nbc6 11. Nxc6 bxc6 12. Bb2 Rb8 13. h3 Nxc4 14. Qc2 Nxb2 15. Qxb2 c5 16. Qd2 Be6 17. Rac1 Qa5 18. Rfd1 Rfc8 19. Nd5 Qxd2 20. Rxd2 Kf8 21. Rc4 Bd7 22. Rc1 Bc6 23. h4 e6 24. Nc3 Bxg2 25. Kxg2 Ke7 26. Ne4 Rb6 27. Rdc2 Rbc6 28. Kf3 f5 29. Nd2 d5 30. Ke2 e5 0-1

[Event "Florianopolis op 2nd"]
[Site "Florianopolis"]
[Date "2016.01.20"]
[Round "7"]
[White "Viera, Emilio"]
[Black "Acosta, Pablo Alejandro"]
[Result "1-0"]
[WhiteElo "2180"]
[BlackElo "1959"]
[PlyCount "83"]
[EventDate "2016.01.16"]
[EventType "swiss"]
[EventRounds "10"]
[EventCountry "BRA"]
[SourceTitle "CBM 170 Extra"]
[Source "ChessBase"]
[SourceDate "2016.02.25"]
[SourceVersion "1"]
[SourceVersionDate "2016.02.25"]
[SourceQuality "1"]

1. c4 e6 2. Nf3 d5 3. g3 Nf6 4. Bg2 Be7 5. 0-0 0-0 6. d4 dxc4 7. Na3 c5 8. Nxc4 Nc6 9. dxc5 Qxd1 10. Rxd1 Bxc5 11. Nfe5 Ne7 12. Be3 Bxe3 13. Nxe3 Rb8 14. Rac1 Ng6 15. Nxg6 hxg6 16. Rc7 Re8 17. Nc4 Nd5 18. Bxd5 exd5 19. Nd6 Rf8 20. Rdc1 Be6 21. Rxb7 Rxb7 22. Nxb7 Rc8 23. Rxc8+ Bxc8 24. Nc5 Kf8 25. Kf1 Ke7 26. Ke1 Kd6 27. Nd3 g5 28. Kd2 f6 29. Kc3 Bf5 30. f3 Bc8 31. Kd4 Bd7 32. Nb4 Be6 33. b3 Bc8 34. Nc2 g6 35. Ne3 Be6 36. Ng4 f5 37. Ne5 Bc8 38. Nxg6 Ba6 39. e3 Be2 40. Ne5 g4 41. fxg4 fxg4 42. Nd3 1-0

[Event "Florianopolis op 2nd"]
[Site "Florianopolis"]
[Date "2016.01.17"]
[Round "3"]
[White "Molina, Roberto Junio Brito"]
[Black "Viera, Emilio"]
[Result "1-0"]
[WhiteElo "2436"]
[BlackElo "2180"]
[PlyCount "72"]
[EventDate "2016.01.16"]
[EventType "swiss"]
[EventRounds "10"]
[EventCountry "BRA"]
[SourceTitle "CBM 170 Extra"]
[Source "ChessBase"]
[SourceDate "2016.02.25"]
[SourceVersion "1"]
[SourceVersionDate "2016.02.25"]
[SourceQuality "1"]

1. d4 e6 2. c4 f5 3. Nf3 Nf6 4. g3 d5 5. Bg2 c6 6. 0-0 Bd6 7. Qc2 0-0 8. b3 Qe7 9. Bb2 Ne4 10. Ne5 Nd7 11. Nd2 a5 12. Ndf3 a4 13. Nd3 b6 14. Nfe5 Bb7 15. Nxd7 Qxd7 16. f3 a3 17. Bc1 dxc4 18. bxc4 Nf6 19. Be3 f4 20. Bf2 Nh5 21. Ne5 Qc7 22. g4 Nf6 23. Nd3 Ba6 24. c5 Bxd3 25. exd3 bxc5 26. dxc5 Be7 27. Rfe1 e5 28. Qe2 Nd5 29. d4 exd4 30. Bxd4 Bf6 31. Bxf6 Rxf6 32. g5 Rf7 33. h4 Re7 34. Qc4 Rc8 35. Re4 Kh8 36. Rae1 Ne3 1-0

[Event "Florianopolis op 2nd"]
[Site "Florianopolis"]
[Date "2016.01.16"]
[Round "1"]
[White "Villasanti, Sebastian"]
[Black "Viera, Emilio"]
[Result "0-1"]
[WhiteElo "1691"]
[BlackElo "2180"]
[PlyCount "58"]
[EventDate "2016.01.16"]
[EventType "swiss"]
[EventRounds "10"]
[EventCountry "BRA"]
[SourceTitle "CBM 170 Extra"]
[Source "ChessBase"]
[SourceDate "2016.02.25"]
[SourceVersion "1"]
[SourceVersionDate "2016.02.25"]
[SourceQuality "1"]

1. c4 e6 2. g3 f5 3. Bg2 Nf6 4. Nc3 d5 5. d4 c6 6. Nf3 Bd6 7. cxd5 exd5 8. 0-0 0-0 9. Bd2 Nbd7 10. Ng5 Qe7 11. f4 Nb6 12. Rc1 Nc4 13. Rc2 Bd7 14. Bc1 h6 15. Nf3 Ng4 16. Ne5 Nce3 17. Qd3 Nxf1 18. Ng6 Qe8 19. Nxf8 Nfe3 20. Nxd7 Nxc2 21. Qxf5 Nce3 22. Bxd5+ cxd5 23. Bxe3 Qxe3+ 24. Kg2 Qxe2+ 25. Kh3 Nf2+ 26. Kg2 Ng4+ 27. Kh3 Qf3 28. Qe6+ Kh8 29. Qxd6 Nf2+ 0-1

[Event "URU-ch"]
[Site "San Jose de Mayo"]
[Date "2015.03.13"]
[Round "11"]
[White "Izquierdo, Daniel"]
[Black "Viera, Emilio"]
[Result "1/2-1/2"]
[WhiteElo "2220"]
[BlackElo "2219"]
[PlyCount "20"]
[EventDate "2015.03.06"]
[EventType "tourn"]
[EventRounds "11"]
[EventCountry "URU"]
[SourceTitle "CBM 165 Extra"]
[Source "ChessBase"]
[SourceDate "2015.04.21"]
[SourceVersion "1"]
[SourceVersionDate "2015.04.21"]
[SourceQuality "1"]

1. d4 e6 2. Nf3 f5 3. c4 Nf6 4. Nc3 d5 5. g3 c6 6. Bg2 Bd6 7. 0-0 0-0 8. Qc2 Ne4 9. Rb1 Qe7 10. a3 Nd7 1/2-1/2

[Event "URU-ch"]
[Site "San Jose de Mayo"]
[Date "2015.03.11"]
[Round "9"]
[White "Larrea, Manuel"]
[Black "Viera, Emilio"]
[Result "1/2-1/2"]
[WhiteElo "2302"]
[BlackElo "2219"]
[PlyCount "95"]
[EventDate "2015.03.06"]
[EventType "tourn"]
[EventRounds "11"]
[EventCountry "URU"]
[SourceTitle "CBM 165 Extra"]
[Source "ChessBase"]
[SourceDate "2015.04.21"]
[SourceVersion "1"]
[SourceVersionDate "2015.04.21"]
[SourceQuality "1"]

1. e4 e6 2. d4 d5 3. Nc3 Nf6 4. e5 Nfd7 5. f4 c5 6. Nf3 Nc6 7. Be3 cxd4 8. Nxd4 Bc5 9. Qd2 Nxd4 10. Bxd4 a6 11. 0-0-0 0-0 12. Kb1 Qc7 13. h4 b5 14. Rh3 b4 15. Na4 Bxd4 16. Qxd4 Qa5 17. b3 Bb7 18. Rg3 Kh8 19. Bd3 Bc6 20. f5 Qc7 21. Re1 f6 22. fxe6 Nxe5 23. Nc5 Bb5 24. Bxb5 axb5 25. Nd3 Rxa2 26. Nxb4 Raa8 27. Rge3 Qd6 28. Rxe5 fxe5 29. Rxe5 Rae8 30. Rg5 Rf6 31. Rxd5 Qxe6 32. Rxb5 Rf1+ 33. Ka2 Ra8+ 34. Kb2 Qe1 35. Ra5 Qc1+ 36. Kc3 Rc8+ 37. Rc5 Qe1+ 38. Kc4 Qe6+ 39. Kc3 Rcf8 40. Nd3 Qa6 41. Kd2 Qg6 42. Rg5 Qf7 43. b4 h6 44. Rg4 Qc7 45. b5 Rc8 46. Ke2 Rf5 47. c4 Qe7+ 48. Re4 1/2-1/2

[Event "URU-ch"]
[Site "San Jose de Mayo"]
[Date "2015.03.10"]
[Round "7"]
[White "Sosa Macho, Juan Manuel"]
[Black "Viera, Emilio"]
[Result "0-1"]
[WhiteElo "2141"]
[BlackElo "2219"]
[PlyCount "38"]
[EventDate "2015.03.06"]
[EventType "tourn"]
[EventRounds "11"]
[EventCountry "URU"]
[SourceTitle "CBM 165 Extra"]
[Source "ChessBase"]
[SourceDate "2015.04.21"]
[SourceVersion "1"]
[SourceVersionDate "2015.04.21"]
[SourceQuality "1"]

1. d4 e6 2. c4 f5 3. Nc3 Nf6 4. e3 d5 5. Bd3 c6 6. Qc2 Nbd7 7. Bd2 Bd6 8. cxd5 Nxd5 9. Nxd5 cxd5 10. g4 Nf6 11. gxf5 exf5 12. Bxf5 0-0 13. Ne2 Ng4 14. Bxh7+ Kh8 15. 0-0-0 Nxf2 16. Rhf1 Nxd1 17. Rxf8+ Qxf8 18. Kxd1 Qf1+ 19. Be1 Bg4 0-1

[Event "URU-ch"]
[Site "San Jose de Mayo"]
[Date "2015.03.08"]
[Round "3"]
[White "Viera, Emilio"]
[Black "Lopez Falcon, Jorge"]
[Result "1/2-1/2"]
[WhiteElo "2219"]
[BlackElo "2131"]
[PlyCount "93"]
[EventDate "2015.03.06"]
[EventType "tourn"]
[EventRounds "11"]
[EventCountry "URU"]
[SourceTitle "CBM 165 Extra"]
[Source "ChessBase"]
[SourceDate "2015.04.21"]
[SourceVersion "1"]
[SourceVersionDate "2015.04.21"]
[SourceQuality "1"]

1. c4 Nf6 2. Nc3 g6 3. Nf3 Bg7 4. g3 0-0 5. Bg2 d6 6. 0-0 e5 7. d3 Re8 8. e4 c6 9. h3 a6 10. Be3 b5 11. Qd2 Nbd7 12. Rfd1 Bb7 13. a3 Nc5 14. Qc2 Qe7 15. b4 Ne6 16. Rac1 Rad8 17. Bb6 Rc8 18. a4 Nd7 19. Ba5 Nd4 20. Qa2 Bh6 21. Rb1 Nf8 22. Bb6 Nfe6 23. Nxd4 exd4 24. Ne2 Bg7 25. Nc1 h5 26. Nb3 h4 27. c5 hxg3 28. fxg3 Be5 29. Qf2 bxa4 30. Nd2 dxc5 31. bxc5 Bg7 32. Nc4 Bh6 33. Kh2 a5 34. Bxa5 Nxc5 35. Bb4 Ba6 36. Qxd4 Bf8 37. e5 Ne6 38. Qf2 c5 39. Bc3 Bxc4 40. dxc4 Nd4 41. Bd5 Ne6 42. Ra1 Rb8 43. Bc6 Red8 44. Bxa4 Nd4 45. Rf1 Bg7 46. Rae1 Qe6 47. Bb5 1/2-1/2

[Event "URU-ch"]
[Site "San Jose de Mayo"]
[Date "2015.03.07"]
[Round "2"]
[White "Lopez Azambuja, Nicolas"]
[Black "Viera, Emilio"]
[Result "1-0"]
[WhiteElo "2281"]
[BlackElo "2219"]
[PlyCount "29"]
[EventDate "2015.03.06"]
[EventType "tourn"]
[EventRounds "11"]
[EventCountry "URU"]
[SourceTitle "CBM 165 Extra"]
[Source "ChessBase"]
[SourceDate "2015.04.21"]
[SourceVersion "1"]
[SourceVersionDate "2015.04.21"]
[SourceQuality "1"]

1. d4 e6 2. c4 f5 3. Nf3 Nf6 4. Bf4 d5 5. Nc3 c6 6. e3 Be7 7. Bd3 0-0 8. Qc2 Ne4 9. g4 Nd7 10. gxf5 exf5 11. cxd5 cxd5 12. Nxd5 Qa5+ 13. Ke2 Bd6 14. b4 Qa3 15. Nd2 1-0

[Event "URU-chT Clubs"]
[Site "Punta del Este"]
[Date "2014.08.24"]
[Round "4.22"]
[White "Arcos Facio, Mateo"]
[Black "Viera, Emilio"]
[Result "1/2-1/2"]
[WhiteElo "2198"]
[BlackElo "2205"]
[PlyCount "70"]
[EventDate "2014.08.23"]
[EventType "team-swiss"]
[EventRounds "5"]
[EventCountry "URU"]
[SourceTitle "EXT 2017"]
[Source "ChessBase"]
[SourceDate "2016.10.25"]
[SourceVersion "1"]
[SourceVersionDate "2016.10.25"]
[SourceQuality "1"]

1. e4 e6 2. Nf3 d5 3. e5 c5 4. b4 cxb4 5. a3 Nc6 6. axb4 Bxb4 7. c3 Be7 8. d4 f6 9. Bd3 Bd7 10. 0-0 Nh6 11. Bxh6 gxh6 12. exf6 Bxf6 13. Ne5 0-0 14. Ng4 Bg7 15. f4 Qc7 16. Ne5 Nxe5 17. fxe5 Rxf1+ 18. Qxf1 Rf8 19. Qe2 Qb6 20. Ra2 a6 21. Rb2 Qc7 22. Qc2 Be8 23. Bxh7+ Kh8 24. Bg6 Bxg6 25. Qxg6 Qc4 26. Rf2 Rxf2 27. Kxf2 Qc8 28. g4 b5 29. h4 a5 30. Ke3 b4 31. cxb4 axb4 32. h5 Qc1+ 33. Nd2 Qg1+ 34. Kd3 Qg3+ 35. Ke2 Qg2+ 1/2-1/2

[Event "URU-ch qual 18th"]
[Site "Paysandu"]
[Date "2005.02.07"]
[Round "6"]
[White "Viera, Emilio"]
[Black "Larrea, Manuel"]
[Result "0-1"]
[WhiteElo "2104"]
[BlackElo "2278"]
[PlyCount "52"]
[EventDate "2005.02.05"]
[EventType "swiss"]
[EventRounds "7"]
[EventCountry "URU"]
[SourceTitle "CBM 104 Extra"]
[Source "ChessBase"]
[SourceDate "2005.03.01"]
[SourceVersion "1"]
[SourceVersionDate "2005.03.01"]
[SourceQuality "1"]

1. e4 d6 2. d4 Nf6 3. Nc3 g6 4. f3 Bg7 5. Be3 c6 6. Qd2 b5 7. Nh3 Qc7 8. Nf2 Nbd7 9. Bd3 a6 10. 0-0 0-0 11. a4 b4 12. Ne2 c5 13. c3 c4 14. Bc2 b3 15. Bd1 e5 16. Ng3 a5 17. Bh6 Nb6 18. Qg5 Ne8 19. Bxg7 Nxg7 20. dxe5 dxe5 21. Ng4 Bxg4 22. fxg4 Nd7 23. Be2 f6 24. Qe3 Ne6 25. Rfd1 Nb6 26. Bf1 Qc5 0-1

[Event "URU-ch qual 18th"]
[Site "Paysandu"]
[Date "2005.02.05"]
[Round "2"]
[White "Viera, Emilio"]
[Black "Delbono Menoni, Ruben"]
[Result "1-0"]
[WhiteElo "2104"]
[BlackElo "1873"]
[PlyCount "41"]
[EventDate "2005.02.05"]
[EventType "swiss"]
[EventRounds "7"]
[EventCountry "URU"]
[SourceTitle "CBM 104 Extra"]
[Source "ChessBase"]
[SourceDate "2005.03.01"]
[SourceVersion "1"]
[SourceVersionDate "2005.03.01"]
[SourceQuality "1"]

1. e4 c5 2. Nf3 Nc6 3. d4 cxd4 4. Nxd4 g6 5. Nc3 Bg7 6. Be3 Nh6 7. h3 d6 8. Nxc6 bxc6 9. Qd2 Ng8 10. Bc4 Qa5 11. 0-0 Rb8 12. Bb3 Rb7 13. f4 Qh5 14. Rf3 f5 15. Rd1 fxe4 16. Nxe4 Bd7 17. Bd4 Nf6 18. Bxf6 Bxf6 19. Nxf6+ exf6 20. Qxd6 Qf5 21. Re3+ 1-0

[Event "Salto 1st"]
[Site "Salto"]
[Date "2004.08.03"]
[Round "5"]
[White "Viera, Emilio"]
[Black "Recine, Leonel"]
[Result "0-1"]
[WhiteElo "2123"]
[BlackElo "2170"]
[PlyCount "82"]
[EventDate "2004.08.01"]
[EventType "tourn"]
[EventRounds "9"]
[EventCountry "URU"]
[SourceTitle "CBM 101 Extra"]
[Source "ChessBase"]
[SourceDate "2004.09.01"]
[SourceVersion "2"]
[SourceVersionDate "2004.09.01"]
[SourceQuality "1"]

1. e4 e6 2. d3 Nf6 3. g3 d5 4. Nd2 c5 5. Bg2 Nc6 6. Ngf3 dxe4 7. dxe4 Qc7 8. 0-0 Bd7 9. c3 0-0-0 10. Qe2 h6 11. a3 Be7 12. b4 Ng4 13. Nb3 Nce5 14. Nxe5 Nxe5 15. f4 Nd3 16. Qxd3 c4 17. Qb1 cxb3 18. Qxb3 Bb5 19. Re1 Rd3 20. a4 Rxc3 21. Qb2 Bd3 22. Be3 Kb8 23. Bd4 Rc4 24. Be5 Bd6 25. Bxd6 Qxd6 26. Qxg7 Rf8 27. Rad1 Qxb4 28. Qe5+ Ka8 29. Re3 Bc2 30. Rd7 Bxa4 31. Rd6 Bc6 32. h4 Qb6 33. Rdd3 Rc1+ 34. Kh2 Rc2 35. Rb3 Qc5 36. Qg7 a5 37. Rbc3 Rxc3 38. Rxc3 Qb4 39. Qxh6 Rd8 40. Qf6 Rd2 41. Re3 Bxe4 0-1